00878nam a2200229 a 4500001001000000003000400010005001700014008004100031020001800072040002500090082002000115100002900135245010700164260004000271300003500311500005600346500003500402500007400437600003000511651005000541651005700591000015355OSt20260321073639.0100205s2008 dr ac 001 0 spa d a9789945001242 aDO-SdBNPbspacBNPHU a972.9354bG377j1 aGerón, Candido,d1948-10aJuan Bosch :bexilio, golpe de Estado de 1963 y la Revolución de Abril de 1965 /cCándido Gerón. aSanto Domingo :bCentenario,c2008. a431 p. :bil., retrs ;c27 cm. aIncluye datos biográficos del autor en la solapa. aIncluye índece onomástico. aIncluye referencias bibliográficas y notas al pie de las páginas.10a Bosch, Juan, d1909-200110aRepública DominicanaxPolítica y gobierno14aRepública DominicanaxHistoriaxRevolución 1965-